| 000 | 00693nam a2200205Ia 4500 | ||
|---|---|---|---|
| 003 | OSt | ||
| 005 | 20250716143937.0 | ||
| 008 | 210210b1995 xxu||||| |||| 00| 0 eng d | ||
| 040 | _cAL | ||
| 041 | _aKannada | ||
| 082 | _aK494.3 PITT | ||
| 100 |
_aPITAR VILSON PRABHAKAR. _dಪೀಟರ್ ವಿಲ್ಸನ್ ಪ್ರಭಾಕರ್ _9218811 |
||
| 245 |
_aTulu nadina kandaya shabdagala padakosha. _b ತುಳುನಾಡಿನ ಕಂದಾಯ ಶಬ್ದಗಳ ಪದಕೋಶ. |
||
| 260 |
_aBantvala. _bRani Abbakka Tulu Adhyayana Kendra., _c1995 |
||
| 300 | _a24 | ||
| 650 |
_aPeter Wilson _9219031 |
||
| 690 |
_aKannada Dictionary _9218812 |
||
| 906 | _a051960 | ||
| 942 |
_2ddc _cBK |
||
| 999 |
_c100234 _d100234 |
||